Copa del Mundo de futbol-Nivel FACIL - Estadísticas

Estadísticas generales
  • Esta prueba ha sido intentada 41 veces
  • La puntuación promedio es 10 de 15
Estadísticas de respuestas
Pregunta Respuesta % Correcto
¿Qué selección fue el primer campeón del torneo? Uruguay
97%
¿Quién es el jugador con más mundiales? Pele
95%
¿Cuál de los siguientes jugadores fue el mejor jugador del torneo en dos ocasiones? Messi
90%
¿Cuál es la única selección de Conmebol en nunca jugar un mundial? Venezuela
87%
¿Cuál fue la única final del mundo que jugo Inglaterra? 1966
85%
¿Máximo goleador del torneo? Klose
77%
¿Quién fue el máximo goleador del mundial 2002? Ronaldo
74%
¿Cuántas selecciones ganaron el torneo? 8
69%
¿Cuántas selecciones jugaron alguna vez la final del torneo? 13
62%
¿Cual es el jugador con mas partidos jugados en el torneo? Messi
56%
¿Cuántas finales del torneo jugo Paises Bajos? 3
54%
¿Cuál es la selección con más finales disputadas? Alemania
51%
¿Cuál es la única selección en jugar 4 semifinales seguidas? Alemania
49%
¿Quién es el único jugador en hacer gol en cinco ediciones distintas? Cristiano Ronaldo
49%
¿Quién es el jugador sudamericano con mas goles en el torneo? Ronaldo
46%
No se encontraron pruebas coincidentes
Distribución de puntuación
Porcentaje de gente con cada puntuación
Porcentaje por número respondido
Historial de tus puntuaciones
No has intentado esta prueba.